000 00803nam a22002177a 4500
005 20160713143737.0
010 _aENG-115407
020 _a9781470425647
_c1140.00
035 _aEN-98939
037 _bDBAD/PUB
082 _a515.2433
100 _aPereyra,Maria cristina.
245 _aHarmonic analysis from fourier to wavelets /
_bby Maria Cristina Pereyra [and] Lesley A.Ward
260 _aRhode Island
_bAmerican Mathematical Society
_c2016
270 _aDistributed by-Universties Press,3-6-747/1/A & 3-6 754/1,Himayatnagar
_bHyderabad (Telagana)
_e500029
300 _axxiv,410p.
_c21cm(pbk)
490 _avols-63 ; Student Mathematical Library
500 _aIncludes bibliographical references and Index
700 _aWard,Lesly A.
942 _2ddc
_cEN
_h515.2433
_mMAR
999 _c101244
_d101244